| 000 | 00403nam a2200145 a 4500 | ||
|---|---|---|---|
| 001 | 421 | ||
| 003 | CDMR | ||
| 005 | 20130116135154.0 | ||
| 008 | 130130s1996||||||||||||||||||||||||||||d | ||
| 040 |
_aCDMR _bcat _cCDMR |
||
| 100 | 1 |
_aMusons i Agell, Albert _9299 |
|
| 245 | 1 | 0 | _aCens de la premsa local de la ciutat de Barcelona 1996 |
| 260 |
_aBarcelona _c1996 _bCol.legi de Periodistes de Catalunya |
||
| 942 | _cMON | ||
| 999 |
_c421 _d421 |
||